Muistelmat, kulttuurikuvat, tunnustukset (Запись № 2637236)

Подробности
000 -МАРКЕР
контрольное поле 00956nam2a22002771 4500
001 - ИДЕНТИФИКАТОР ЗАПИСИ
контрольное поле RU\NLR\INFOCOMM\LIB\32683
005 - ИДЕНТИФИКАТОР ВЕРСИИ
контрольное поле 20250617205658.0
035 ## - ДРУГИЕ СИСТЕМНЫЕ НОМЕРА
Идентификатор записи (NLR Aleph) 004303530
100 ## - ДАННЫЕ ОБЩЕЙ ОБРАБОТКИ
Данные общей обработки 20010904d1965 |||y0rusy50 ca
101 0# - ЯЗЫК РЕСУРСА
Язык текста, звукозаписи и т.д. финский
102 ## - СТРАНА ПУБЛИКАЦИИ ИЛИ ПРОИЗВОДСТВА
Страна публикации российская федерация
105 ## - ПОЛЕ КОДИРОВАННЫХ ДАННЫХ: ТЕКСТОВЫЕ МАТЕРИАЛЫ, МОНОГРАФИЧЕСКИЕ
Кодированные данные о монографическом текстовом документе y ||||000ay
200 1# - ЗАГЛАВИЕ И СВЕДЕНИЯ ОБ ОТВЕТСТВЕННОСТИ
Основное заглавие Muistelmat, kulttuurikuvat, tunnustukset
Общее обозначение материала Микрофильм
Сведения, относящиеся к заглавию 1878-1901
Первые сведения об ответственности toim. AarreM. Peltonen
210 ## - ПУБЛИКАЦИЯ, РАСПРОСТРАНЕНИЕ И ДР.
Место издания, распространения и т.д. Helsinki
Имя издателя, распространителя и т. д. Otava
Дата издания, распространения и т.д. 1965
215 ## - ФИЗИЧЕСКАЯ ХАРАКТЕРИСТИКА
Специфическое обозначение материала и объем 591 с.
300 ## - ОБЩИЕ ПРИМЕЧАНИЯ
Текст примечания На обл.только частн.загл.тома
461 #0 - УРОВЕНЬ НАБОРА
Встроенное поле 001RU\NLR\IC3\00826
-- 2001#$aEino Leinon teokset$fEino Leino$gtoim. Aarre M. Peltonen$v5$90
-- 700#1$3RU\NLR\AUTH\770264521$aLeino$gEino$f1878-1926$bE.$4070
702 #1 - ИМЯ ЛИЦА - ВТОРИЧНАЯ ОТВЕТСТВЕННОСТЬ
Начальный элемент ввода Peltonen
Часть имени, кроме начального элемента ввода A. M.
Даты 1920-1991
Расширение инициалов личного имени Aarre M.
Код отношения Редактор
801 #1 - ИСТОЧНИК ЗАПИСИ
Страна российская федерация
Организация InfoComm
Дата составления 20010904
801 #0 - ИСТОЧНИК ЗАПИСИ
Страна российская федерация
Организация NLR
Правила каталогизации PSBO
852 ## - МЕСТОНАХОЖДЕНИЕ И ШИФР ХРАНЕНИЯ
Идентификатор организации NLR
Наименование фонда или коллекции (Sub-Location Identifier) Мф
Шифр хранения (Call Number) К-3/6009
942 ## - ДОПОЛНИТЕЛЬНЫЕ ЭЛЕМЕНТЫ ЗАПИСИ (АБИС)
Тип экземпляра АБИС Книга
980 ## - КОЛЛЕКЦИЯ
Название коллекции Национальная библиография
Экземпляры
Тип экземпляра Дата поступления Библиотека постоянного хранения Библиотека текущего хранения Место хранения Шифр хранения Штрих-код Статус не для выдачи
Книга 26.10.2013 РНБ (Московский) РНБ (Московский) Фонд микроформ Мф К-3/6009 4303530-10